| 000 | 00804nam a2200229Ii 4500 | ||
|---|---|---|---|
| 003 | JO-AjNU | ||
| 008 | 230605s9999||||xx |||||||||||||| ||und|| | ||
| 017 | _a1995/2073 | ||
| 020 | _a977-13-0125-X | ||
| 040 |
_aJO-AjNU _bara _erda _cJO-AjNU |
||
| 041 | _aara | ||
| 050 | 1 | 4 | _aHD85.M37.1995 |
| 100 | 3 |
_aتحرير:محمود مراد, _eauthor _919160 |
|
| 245 | 0 | 0 | _aالمشروع الاقتصادي العربي:دراسات لكبار الاقتصاديين ورجال المال العرب |
| 250 | _aط1 | ||
| 264 | 3 | 1 | _aالقاهرة:وكالة الاهرام للصحافة،1995 |
| 300 | _a197ص | ||
| 336 |
_atext _btxt _2rdacontent |
||
| 337 |
_aunmediated _bn _2rdamedia |
||
| 338 |
_avolume _bnc _2rdacarrier |
||
| 650 | 4 |
_aسياسة اقتصادية-البلاد العربية _919161 |
|
| 999 |
_aA6265 _c9833 _d9833 |
||